| 000 | 00818nam a2200241Ia 4500 | ||
|---|---|---|---|
| 003 | OSt | ||
| 005 | 20220923213448.0 | ||
| 006 | a|||||r|||| 00| 0 | ||
| 007 | ta | ||
| 008 | 220922b |||||||| |||| 00| 0 hin d | ||
| 024 | _a162,201 | ||
| 037 | _cTextual | ||
| 040 |
_aARTS _cARTS _bhin |
||
| 041 |
_2hin _ahin |
||
| 082 | _aO152,2(NT):g(P), N9 | ||
| 100 |
_aरस्तोगी, गिरीश _9156369 |
||
| 245 | 0 | _aरंग-भाषा, गिरीश रस्तोगी | |
| 246 | _aRanga-bhāṣhā, girīsh rastogī | ||
| 260 |
_aनई दिल्ली _b राष्ब्ªीय नाटय विद्यालय _c1999 |
||
| 300 |
_a190 पृ. _ccm. |
||
| 942 |
_hO152,2(NT):g(P), N9 _cTEXL _2CC |
||
| 999 |
_c316702 _d316702 |
||